| Tag |
First Indicator |
Second Indicator |
Subfields |
| LEADER |
00000cam a22000001 4500 |
| 001 |
in00000489751 |
| 005 |
20151013055403.0 |
| 008 |
710311s1968 dcu b 00010 eng |
| 010 |
|
|
|a 68027431
|
| 035 |
|
|
|a (OCoLC)00448544
|
| 035 |
|
|
|9 ACC5293AM
|
| 040 |
|
|
|a DLC
|c DLC
|d TXA
|d UtOrBLW
|
| 043 |
|
|
|a n-us---
|
| 049 |
|
|
|a [HUM] TXAM
|c 1 [430453], 2 [1140950]
|
| 050 |
0 |
0 |
|a Z7001
|b .R8
|
| 082 |
0 |
|
|a 016.41
|
| 100 |
1 |
|
|a Rutherford, Phillip R.
|
| 245 |
1 |
2 |
|a A bibliography of American doctoral dissertations in linguistics, 1900-1964 /
|c compiled by Phillip R. Rutherford.
|
| 264 |
|
1 |
|a Washington :
|b Center for Applied Linguistics,
|c 1968.
|
| 300 |
|
|
|a iv, 139 pages ;
|c 23 cm.
|
| 336 |
|
|
|a text
|b txt
|2 rdacontent
|
| 337 |
|
|
|a unmediated
|b n
|2 rdamedia
|
| 338 |
|
|
|a volume
|b nc
|2 rdacarrier
|
| 650 |
|
0 |
|a Language and languages
|v Bibliography.
|
| 650 |
|
0 |
|a Dissertations, Academic
|z United States
|v Bibliography.
|
| 740 |
0 |
|
|a American doctoral dissertations in linguistics, 1900-1964.
|
| 999 |
|
|
|a MARS
|
| 999 |
f |
f |
|s 4cd07645-2b72-3a55-b24b-d1d67e75081e
|i 1ac17cf2-b542-3f1e-ba58-81c5821c5d6d
|t 0
|
| 952 |
f |
f |
|p ric
|a Texas A&M University
|b Rellis Campus
|c Joint Library Facility
|d Remote Storage
|t 0
|e Z7001 .R8
|h Library of Congress classification
|i unmediated -- volume
|m A14842483027
|
| 998 |
f |
f |
|a Z7001 .R8
|t 0
|l Remote Storage
|